| 000 | 00000nam 2200000za 4500 |
| 001 | 9.846606 |
| 003 | CaOODSP |
| 005 | 20221107153238 |
| 007 | cr ||||||||||| |
| 008 | 180501s2013 onc |o f000 0 eng d |
| 040 | |aCaOODSP|beng |
| 043 | |an-cn-ab |
| 086 | 1 |aM159-13/2013E-PDF |
| 245 | 00|aAlberta Carbon Trunk Line (ACTL) |h[electronic resource]. |
| 260 | |a[Ottawa : |bOffice of Energy Research and Development], |cc2013. |
| 300 | |a[1] p. |
| 500 | |aIssued also in French under title: Projet de l’Alberta Carbon Trunk Line. |
| 500 | |aCaption title. |
| 500 | |a"Revised March 2013." |
| 520 | |a"This carbon capture and storage (CCS) project involves the capture of CO2 emissions from industrial sites in Alberta’s Industrial Heartland"--Project Description. |
| 692 | 07|2gccst|aGreenhouse gases |
| 693 | 4|aCarbon capture and storage |
| 710 | 1 |aCanada. |bNatural Resources Canada. |
| 710 | 1 |aCanada.|bOffice of Energy Research and Development. |
| 775 | 08|tProjet de l’Alberta Carbon Trunk Line |w(CaOODSP)9.855998 |
| 856 | 40|qPDF|s687 KB|uhttps://publications.gc.ca/collections/collection_2018/rncan-nrcan/m159/M159-13-2013-eng.pdf |